Guess the TV Show by Emojis - Statistics

General Stats
  • This quiz has been taken 194 times
  • The average score is 6 of 20
Answer Stats
Emojis TV Show % Correct
๐Ÿ›‹๏ธโ˜•๏ธ Friends
70%
6๏ธโƒฃ๐Ÿฆถโฌ‡๏ธ Six Feet Under
61%
๐Ÿšถ๐ŸงŸ The Walking Dead
60%
๐Ÿ‘ฎ9๏ธโƒฃ9๏ธโƒฃ Brooklyn Nine-Nine
57%
๐Ÿฑ๐ŸŸ Catfish
57%
๐Ÿป The Bear
52%
๐Ÿด๐Ÿบ Bojack Horseman
31%
โ™Ÿ๏ธ Queen's Gambit
31%
โœˆ๏ธ๐Ÿ’ฅ๐Ÿ–๏ธ Lost
30%
๐Ÿ‘จ๐Ÿ”ช๐Ÿฉธ Dexter
28%
๐Ÿ ๐Ÿ‰ House of the Dragon
28%
โฌ›๏ธ Black Mirror
26%
๐Ÿค๐Ÿ‡ฌ๐Ÿ‡ง Little Britain
14%
๐Ÿฅ๐Ÿง  The Good Doctor
12%
โฌœ๏ธ๐Ÿง˜ The White Lotus
12%
๐Ÿ’ฏ๐Ÿ•ต๏ธโ€โ™‚๏ธ True Detective
9%
๐Ÿ“ผ๐ŸŽง๐Ÿšฒ 13 Reasons Why
8%
๐Ÿ๏ธ๐Ÿ๏ธ๐Ÿ๏ธ Sons of Anarchy
8%
๐Ÿ•ด๏ธ๐Ÿ•ด๏ธ Suits
8%
๐Ÿ‘จโ€๐Ÿ‘ง๐Ÿฆ’ The Last of Us
1%
No matching quizzes found
Score Distribution
Percent of People with Each Score
Percentile by Number Answered
Your Score History
You have not taken this quiz